| 000 | 00532nam a2200169Ia 4500 | ||
|---|---|---|---|
| 001 | 20499 | ||
| 003 | GE_BSU | ||
| 008 | 181216s||||||||xx |||||||||||||| ||und|| | ||
| 040 | _cGE_BSU | ||
| 080 | _a02 | ||
| 245 | _aИнновационные формы комплектования библиотек | ||
| 300 | _a10 стр.30см. | ||
| 653 | _aИнновационные формы комплектования библиотек | ||
| 653 | _aპროფესიული | ||
| 653 | _aქსეროქსი | ||
| 942 | _cBK | ||
| 999 |
_c53455 _d53455 |
||